| 000 | 00856nam a2200277Ia 4500 | ||
|---|---|---|---|
| 003 | GCL | ||
| 008 | 140319s9999 xx 000 0 ara d | ||
| 040 |
_aGCL / _cGCL |
||
| 082 | 0 | 4 |
_a345.03 _bم ج |
| 100 | 1 | _aرمزية الغريب | |
| 245 | 1 | 0 |
_aالجريمة والمجتمع - محاضرات فى الاجتماع الجنائى والدفاع الاجتماعى / _cرمزية الغريب |
| 260 |
_a[S.N] : _bمكتبة الانجلوالمصرية ، _c1990 |
||
| 300 | _a559 ص | ||
| 490 | _a | ||
| 650 | 0 | 4 | _aالبيئة |
| 650 | 0 | 4 | _aالرمز |
| 650 | 0 | 4 | _aالتعليم |
| 650 | 0 | 4 | _aالوراثة |
| 650 | 0 | 4 | _aعلم النفس |
| 650 | 0 | 4 | _aاللغة العربية |
| 650 | 0 | 4 | _aنظريات |
| 650 | 0 | 4 | _aعلم النفس التربوى |
| 650 | 0 | 4 | _aالتعلم |
| 650 | 0 | 4 | _aالسلوك |
| 942 |
_2ddc _cBK |
||
| 999 |
_c31709 _d31709 |
||